00628cam a2200157Ia 4500020001800000020001500018040001000033082002600043245005500069246002900124260013400153300005100287650004500338650002500383710006200408 a9789251084021 a9251084025 cBTCTA a333 COM 2014 A016 Or.04aThe state of the world's forest genetic resources.30aForest genetic resources aRome :bCommission on Genetic Resources for Food and Agriculture, Food and Agriculture Organization of the United Nations,c2014. axxvi, 276 p. :bcol. ill., col. maps ;c26 cm. 0aForest germplasm resources conservation. 0aGermplasm resources.2 aCommission on Genetic Resources for Food and Agriculture.